<?xml version="1.0" encoding="UTF-8"?><?xml-stylesheet type="text/xsl" href="static/style.xsl"?><OAI-PMH xmlns="http://www.openarchives.org/OAI/2.0/" xmlns:xsi="http://www.w3.org/2001/XMLSchema-instance" xsi:schemaLocation="http://www.openarchives.org/OAI/2.0/ http://www.openarchives.org/OAI/2.0/OAI-PMH.xsd"><responseDate>2026-04-13T13:41:45Z</responseDate><request verb="GetRecord" identifier="oai:www.recercat.cat:10459.1/49013" metadataPrefix="marc">https://recercat.cat/oai/request</request><GetRecord><record><header><identifier>oai:recercat.cat:10459.1/49013</identifier><datestamp>2024-12-05T21:58:27Z</datestamp><setSpec>com_2072_3622</setSpec><setSpec>col_2072_479130</setSpec></header><metadata><record xmlns="http://www.loc.gov/MARC21/slim" xmlns:dcterms="http://purl.org/dc/terms/" xmlns:xsi="http://www.w3.org/2001/XMLSchema-instance" xmlns:doc="http://www.lyncode.com/xoai" xsi:schemaLocation="http://www.loc.gov/MARC21/slim http://www.loc.gov/standards/marcxml/schema/MARC21slim.xsd">
   <leader>00925njm 22002777a 4500</leader>
   <datafield ind2=" " ind1=" " tag="042">
      <subfield code="a">dc</subfield>
   </datafield>
   <datafield ind2=" " ind1=" " tag="720">
      <subfield code="a">Bevilacqua, Piero</subfield>
      <subfield code="e">author</subfield>
   </datafield>
   <datafield ind2=" " ind1=" " tag="720">
      <subfield code="a">Coma Arpón, Julià</subfield>
      <subfield code="e">author</subfield>
   </datafield>
   <datafield ind2=" " ind1=" " tag="720">
      <subfield code="a">Pérez Luque, Gabriel</subfield>
      <subfield code="e">author</subfield>
   </datafield>
   <datafield ind2=" " ind1=" " tag="720">
      <subfield code="a">Chocarro, Cristina</subfield>
      <subfield code="e">author</subfield>
   </datafield>
   <datafield ind2=" " ind1=" " tag="720">
      <subfield code="a">Juárez Escario, Alejandro</subfield>
      <subfield code="e">author</subfield>
   </datafield>
   <datafield ind2=" " ind1=" " tag="720">
      <subfield code="a">Solé Cutrona, Cristian</subfield>
      <subfield code="e">author</subfield>
   </datafield>
   <datafield ind2=" " ind1=" " tag="720">
      <subfield code="a">De Simone, Marilena</subfield>
      <subfield code="e">author</subfield>
   </datafield>
   <datafield ind2=" " ind1=" " tag="720">
      <subfield code="a">Cabeza, Luisa F.</subfield>
      <subfield code="e">author</subfield>
   </datafield>
   <datafield ind2=" " ind1=" " tag="260">
      <subfield code="c">2015-11-19T16:26:23Z</subfield>
   </datafield>
   <datafield ind2=" " ind1=" " tag="260">
      <subfield code="c">2017-10-01T22:25:55Z</subfield>
   </datafield>
   <datafield ind2=" " ind1=" " tag="260">
      <subfield code="c">2015</subfield>
   </datafield>
   <datafield ind2=" " ind1=" " tag="260">
      <subfield code="c">2015-11-19T16:26:23Z</subfield>
   </datafield>
   <datafield ind2=" " ind1=" " tag="520">
      <subfield code="a">In the last few years an increasing attention has been paid to efficient energy construction systems in the building sector. Although in this contest extensive green roofs are reported to be very effective and sustainable systems, the fact that the main agents of this systems are living organisms have generated doubts, especially in locations where the development of plants and vegetation can be greatly affected by climate. This study aims to investigate the thermal performances of a 2000 m2 18 particular proprietary extensive green roof system, located on the city of Lleida (Spain), classified as Dry Mediterranean Continental climate. First, plant cover and floristic composition analysis were carried out to evaluate the dynamic of the plant layer over the surface. Then, according to the result of the botanic analysis, summer and winter study in terms of spatial and temporal factors were conducted focusing on the substrate layer, evapotranspiration effect and comparing the different behaviour of the system in low 10%) and high (80%) plant cover conditions. In this extensive green roof, the results showed temporal and spatial changes in floristic composition, with a stable cover of Sedum sp between 20 to 40 %, and a peak of colonizing species in spring and early summer. The increase in vegetation cover appears to have few effects on the above nearby roof environment because of the low moisture level in the substrate layer so that the cooling effect provided by the evapotranspiration does not take place. In addition, the increased presence of vegetation canopy may induce a limitation in substrate night cooling whereas serves as good shield for solar radiation during the day. Finally, the study also reveals the importance of the spatial factor in extensive green roofs, which can lead to not negligible variations on the thermal performance, as well as the floristic composition.</subfield>
   </datafield>
   <datafield ind2=" " ind1=" " tag="520">
      <subfield code="a">The work was partially funded by the Spanish Government (ENE2011-28269-C03-02 and ENE2011-28269-C03-03), in collaboration with Gardeny Science and Technology Park in Lleida (Spain). The authors would like to thank the architect Josep Maria Puigdemasa his provision of information about the renovation project. On the other hand the authors would like to thank the Catalan Government for the quality accreditation given to their research group (2014 SGR 123). Julià Coma wants to thank the Departament d'Universitats, Recerca i Societat de la Informació de la Generalitat de Catalunya for his research fellowship. Furthermore the research was supported by the Italian Ministry of Education, University and Research MIUR.</subfield>
   </datafield>
   <datafield ind1="8" ind2=" " tag="024">
      <subfield code="a">http://hdl.handle.net/10459.1/49013</subfield>
   </datafield>
   <datafield tag="653" ind2=" " ind1=" ">
      <subfield code="a">Plantes ornamentals</subfield>
   </datafield>
   <datafield tag="653" ind2=" " ind1=" ">
      <subfield code="a">Arquitectura i clima</subfield>
   </datafield>
   <datafield tag="653" ind2=" " ind1=" ">
      <subfield code="a">Arquitectura sostenible</subfield>
   </datafield>
   <datafield tag="653" ind2=" " ind1=" ">
      <subfield code="a">Ornamental plants</subfield>
   </datafield>
   <datafield tag="653" ind2=" " ind1=" ">
      <subfield code="a">Architecture and climate</subfield>
   </datafield>
   <datafield tag="653" ind2=" " ind1=" ">
      <subfield code="a">Sustainable architecture</subfield>
   </datafield>
   <datafield ind2="0" ind1="0" tag="245">
      <subfield code="a">Plant cover and floristic composition effect on thermal behaviour of extensive green roofs</subfield>
   </datafield>
</record></metadata></record></GetRecord></OAI-PMH>